000 00292nam a22001337a 4500
008 170503b xxu||||| |||| 00| 0 eng d
020 _a9781568023915
041 _aeng
080 _23 ED
_a341
100 _a13
101 _aSHJ
245 _aHOW CONGRES WORKS
_cTARR.D
942 _2udc
_cBK
999 _c12533
_d12533